00473nam a2200181Ia 4500003000900000008004100009040001300050040001300063041000800076100002000084100001000104245013300114250001100247260000800258260000900266300001000275490000600285IT-RoPAU120407s9999 xx 000 0 und d aIT-RoPAU cIT-RoPAU aita aGiuseppe Felten cdott. aStoria dei tempi del N.T. Giudaismo e paganesimo al tempo di N.S. Gesù€ Cristo e degli Apostoli. Vers. ital. di E. Bongiovanni. aTorino aSei c1932 c23 cm v1